<?xml version="1.0" encoding="UTF-8"?>
<record
    xmlns:xsi="http://www.w3.org/2001/XMLSchema-instance"
    xsi:schemaLocation="http://www.loc.gov/MARC21/slim http://www.loc.gov/standards/marcxml/schema/MARC21slim.xsd"
    xmlns="http://www.loc.gov/MARC21/slim">

  <leader>00603nam a22001697a 4500</leader>
  <datafield tag="020" ind1=" " ind2=" ">
    <subfield code="a">978-969-35-2744-5</subfield>
  </datafield>
  <datafield tag="082" ind1=" " ind2=" ">
    <subfield code="a">891.4394</subfield>
    <subfield code="b">TAH</subfield>
  </datafield>
  <datafield tag="100" ind1=" " ind2=" ">
    <subfield code="a">Doctor Saadia Tahir</subfield>
  </datafield>
  <datafield tag="245" ind1=" " ind2=" ">
    <subfield code="a">Doctor Wazir Agha aur Urdu Shayari ka Mizaj/</subfield>
  </datafield>
  <datafield tag="260" ind1=" " ind2=" ">
    <subfield code="a">Lahore:</subfield>
    <subfield code="b">Sang-e-Meel Publications,</subfield>
    <subfield code="c">2014.</subfield>
  </datafield>
  <datafield tag="300" ind1=" " ind2=" ">
    <subfield code="a">472 p.</subfield>
    <subfield code="c">24cm.</subfield>
  </datafield>
  <datafield tag="563" ind1=" " ind2=" ">
    <subfield code="a">HB.</subfield>
  </datafield>
  <datafield tag="880" ind1=" " ind2=" ">
    <subfield code="6">100-01\(3\r</subfield>
    <subfield code="a">&#x688;&#x627;&#x6A9;&#x679;&#x631;&#x633;&#x639;&#x62F;&#x6CC;&#x6C1; &#x637;&#x627;&#x6C1;&#x631;</subfield>
  </datafield>
  <datafield tag="880" ind1=" " ind2=" ">
    <subfield code="6">245-02\(03\r</subfield>
    <subfield code="a">&#x688;&#x627;&#x6A9;&#x679;&#x631; &#x648;&#x632;&#x6CC;&#x631; &#x622;&#x63A;&#x627; &#x627;&#x648;&#x631; &#x627;&#x64F;&#x631;&#x62F;&#x648; &#x634;&#x627;&#x639;&#x631;&#x6CC; &#x6A9;&#x627; &#x645;&#x632;&#x627;&#x62C;</subfield>
  </datafield>
  <datafield tag="880" ind1=" " ind2=" ">
    <subfield code="6">260-03\(03\r</subfield>
    <subfield code="a">&#x644;&#x627;&#x6C1;&#x648;&#x631;: </subfield>
    <subfield code="b">&#x633;&#x646;&#x6AF;&#x650; &#x645;&#x6CC;&#x644; &#x67E;&#x628;&#x644;&#x6CC;&#x6A9;&#x6CC;&#x634;&#x646;&#x632;</subfield>
    <subfield code="c">2014.</subfield>
  </datafield>
  <datafield tag="942" ind1=" " ind2=" ">
    <subfield code="2">ddc</subfield>
    <subfield code="c">BK</subfield>
  </datafield>
  <datafield tag="999" ind1=" " ind2=" ">
    <subfield code="c">614304</subfield>
    <subfield code="d">614304</subfield>
  </datafield>
  <datafield tag="952" ind1=" " ind2=" ">
    <subfield code="0">0</subfield>
    <subfield code="1">0</subfield>
    <subfield code="2">ddc</subfield>
    <subfield code="4">0</subfield>
    <subfield code="6">891_439400000000000_TAH</subfield>
    <subfield code="7">0</subfield>
    <subfield code="9">641566</subfield>
    <subfield code="a">CL</subfield>
    <subfield code="b">CL</subfield>
    <subfield code="c">LIT</subfield>
    <subfield code="d">2025-07-12</subfield>
    <subfield code="l">0</subfield>
    <subfield code="o">891.4394 TAH</subfield>
    <subfield code="p">CL-D-2852</subfield>
    <subfield code="r">2025-07-12</subfield>
    <subfield code="w">2025-07-12</subfield>
    <subfield code="y">BK</subfield>
  </datafield>
</record>
